[Event "Quebec-ch U14"]
[Site "Montreal"]
[Date "2009.11.28"]
[Round "3"]
[White "Yun, Chang"]
[Black "Vallieres, Clovis"]
[Result "1-0"]
[WhiteElo "1393"]
[BlackElo "1014"]
[PlyCount "49"]
[EventDate "2009.11.27"]
[EventType "swiss"]
[EventRounds "5"]
[EventCountry "CAN"]
[SourceTitle "EXT 2011"]
[Source "ChessBase"]
[SourceDate "2010.11.26"]
[SourceVersion "1"]
[SourceVersionDate "2010.11.26"]
[SourceQuality "1"]

1. e4 d6 2. d4 g6 3. Nc3 Nf6 4. f3 Bg7 5. Be3 0-0 6. Qd2 b5 7. Bxb5 a6 8. Bc4 Qe8 9. Nge2 Qc6 10. Bd5 Qb6 11. Bxa8 Qxb2 12. 0-0 Bd7 13. Rab1 Qa3 14. Rb3 Qa5 15. Bd5 c6 16. Bc4 d5 17. Bd3 dxe4 18. Nxe4 Nxe4 19. Qxa5 Nf6 20. Rfb1 Nd5 21. Bf4 Bf5 22. Bxf5 gxf5 23. Rxb8 e6 24. Rxf8+ Kxf8 25. Qd8# 1-0